Score 0/10 Timer 04:00
3 Plays Today
Question Answer Wrong Answers
Which Solar System object is shown in the image above? Earth
97.5%
The Moon
0.3%
Uranus
0.3%
Jupiter
0.3%
Which Solar System object is shown in the image above? Saturn
95.7%
The Sun
0.2%
Neptune
1.2%
Uranus
1.1%
Which Solar System object is shown in the image above? The Moon
93.8%
Mercury
2.3%
The Sun
0.4%
Uranus
1.7%
Which Solar System object is shown in the image above? Uranus
92.3%
Saturn
3.3%
The Moon
1.6%
Earth
1.1%
Which Solar System object is shown in the image above? The Sun
91.3%
Venus
1.7%
Neptune
0.4%
Mars
4.9%
Which Solar System object is shown in the image above? Jupiter
90.5%
Neptune
4.4%
The Sun
0.2%
Mercury
3.1%
Which Solar System object is shown in the image above? Neptune
87.8%
The Sun
0.2%
Venus
6.8%
Mercury
3.4%
Which Solar System object is shown in the image above? Mars
83.1%
Neptune
4%
The Sun
0.8%
Venus
10.4%
Which Solar System object is shown in the image above? Venus
56.3%
The Moon
3.1%
The Sun
18.5%
Mars
20.4%
Which Solar System object is shown in the image above? Mercury
43.6%
Mars
2.3%
The Moon
51.8%
Earth
0.8%
Remove Ads.
Support Sporcle.
Get the best of Sporcle when you Go Orange. This ad-free experience offers more features, more stats, and more fun while also helping to support Sporcle. Thank you for becoming a member.

You're not logged in!

Compare scores with friends on all Sporcle quizzes.
OR
Log In

Show Comments

Extras

Top Quizzes Today


Score Distribution

Your Account Isn't Verified!

In order to create a playlist on Sporcle, you need to verify the email address you used during registration. Go to your Sporcle Settings to finish the process.

Report this User

Report this user for behavior that violates our Community Guidelines.

Details: